The North Logic Puzzle (ASOIAF) Quiz Stats

 Plays Quiz Updated Jul 21, 2017

Score 0/30 Timer 20:00
74 Plays Today
% Correct
???
100%
???
77.5%
???
77.3%
???
73.2%
???
66.1%
???
58.4%
???
56.7%
???
56.6%
???
42.6%
???
40.4%
???
37.8%
???
36%
???
33.3%
???
31.7%
???
28.9%
% Correct
???
24.5%
???
22.3%
???
22.2%
???
22%
???
21.3%
???
21.2%
???
20.8%
???
20.4%
???
20%
???
19.4%
???
18.7%
???
14.1%
???
14%
???
12.8%
???
12%

You're not logged in!

Compare scores with friends on all Sporcle quizzes.
OR
Log In

Show Comments

Extras

Top Quizzes Today


Score Distribution

Your Account Isn't Verified!

In order to create a playlist on Sporcle, you need to verify the email address you used during registration. Go to your Sporcle Settings to finish the process.

Report this User

Report this user for behavior that violates our Community Guidelines.

Details: